000 00503nam a22001697a 4500
003 Ost
005 20140310184528.0
008 131115t xxu||||| |||| 00| 0 eng d
020 _a0753405253
050 _aT 48
_b.T238 2006
100 _aTaylor, Barbara.
_930476
245 _aI wonder why :
_bZips have teeth and other questions about inventions /
_cBarbara Taylor.
260 _aLondon :
_bKingfisher,
_c2006.
300 _a32 p. :
_bill. col. ;
_c28 cm.
942 _2lcc
_cBK-SCHOLAS
999 _c35184
_d35184